000 00485pab a2200169 454500
008 180718b2009 xxu||||| |||| 00| 0 eng d
100 _aShivananda H.
245 _aNorth East India's eco-strategic potential and conflicts
260 _c2009
300 _ap.90-102.
362 _aJan-Apr
650 _aEconomic and social development - India,North east
650 _aEconomic and social development
773 _aResearch Journal Social Sciences
908 _aN
909 _a89288
999 _c89288
_d89288